[Event "Int. Stuttgarter Stadtmeisterschaft C"]
[Site "Ditzingen"]
[Date "2014.05.29"]
[Round "1.1"]
[White "Giebler, Kai"]
[Black "Hauger, Albrecht"]
[Result "1-0"]
[WhiteElo "1454"]
[BlackElo "1060"]
[PlyCount "33"]
[EventDate "2014.??.??"]
[WhiteTeam "TSF Ditzingen"]
[BlackTeam "SC Magstadt"]

1. e4 c5 2. Nf3 d6 3. d4 cxd4 4. Nxd4 Nc6 5. c4 Qc7 6. Nc3 a6 7. Be3 g6 8. Qd2
Bg7 9. Nd5 Qd8 10. Nxc6 bxc6 11. Bb6 cxd5 12. Bxd8 Kxd8 13. cxd5 Nf6 14. Qa5+
Ke8 15. Bb5+ Nd7 16. Bc6 Rb8 17. Qc7 1-0

[Event "Int. Stuttgarter Stadtmeisterschaft C"]
[Site "Ditzingen"]
[Date "2014.05.29"]
[Round "1.2"]
[White "Meißner, Mogens"]
[Black "Bender, Jonas"]
[Result "0-1"]
[WhiteElo "1049"]
[BlackElo "1448"]
[PlyCount "114"]
[EventDate "2014.??.??"]
[WhiteTeam "SK Bietigheim-Bissingen"]
[BlackTeam "SV Calw"]

1. e4 c5 2. Nf3 g6 3. c3 Bg7 4. d4 cxd4 5. cxd4 d5 6. Nc3 dxe4 7. Nxe4 Nf6 8.
Nc3 O-O 9. Be2 Nbd7 10. O-O Nb6 11. Bg5 Be6 12. Qc2 Rc8 13. Rad1 Qc7 14. Qb1 a6
15. Rc1 Qd6 16. Bd3 Bc4 17. Rfd1 Rfd8 18. b3 Bxd3 19. Qxd3 Nfd5 20. Ne4 Qa3 21.
Ra1 Nb4 22. Bxe7 N6d5 23. Bxb4 Nxb4 24. Qe2 Rc2 25. Qe1 Re8 26. Nfd2 Nd5 27.
Nc4 Qf8 28. f3 f5 29. Ncd2 fxe4 30. Nxe4 Nc3 31. Rd3 Nxe4 32. fxe4 Rec8 33.
Rad1 Rxa2 34. R1d2 Rcc2 35. Rxc2 Rxc2 36. e5 Qf4 37. e6 Rc1 38. Rd1 Rxd1 39.
Qxd1 Qe3+ 40. Kf1 Bxd4 41. Qe1 Qxe1+ 42. Kxe1 Kf8 43. Kd2 Ke7 44. Kd3 Be5 45.
Ke4 Kxe6 46. h3 a5 47. Kd3 Kd5 48. g4 b5 49. Kc2 Kc5 50. Kb1 Kb4 51. Ka2 a4 52.
bxa4 Kxa4 53. Kb1 Kb3 54. h4 b4 55. h5 gxh5 56. gxh5 h6 57. Kc1 Ka2 0-1

[Event "Int. Stuttgarter Stadtmeisterschaft C"]
[Site "Ditzingen"]
[Date "2014.05.29"]
[Round "1.3"]
[White "Winterkorn, Nikolaus"]
[Black "Ungerer, Tobias"]
[Result "1-0"]
[WhiteElo "1438"]
[BlackElo "1045"]
[PlyCount "103"]
[EventDate "2014.??.??"]
[WhiteTeam "DJK Sportbund Stuttgart e.V."]
[BlackTeam "Schach-Kids Bernhausen e.V."]

1. Nf3 Nc6 2. d4 d5 3. e3 Nf6 4. Nbd2 e6 5. a3 b6 6. Bd3 Bb7 7. O-O Bd6 8. c4
Qd7 9. b4 a5 10. c5 Be7 11. b5 Nd8 12. Ne5 Qc8 13. c6 Bxc6 14. Nxc6 Bd6 15.
Nxd8 Qxd8 16. a4 O-O 17. Ba3 Bxa3 18. Rxa3 Qd6 19. Rc3 Rac8 20. Rc6 Qa3 21. Nf3
Qe7 22. Bc2 Nd7 23. Qd3 g6 24. h4 Nf6 25. Qb3 Nh5 26. Rc1 Rfd8 27. Bd3 Rd6 28.
Rxd6 Qxd6 29. Rc6 Qd7 30. Qc2 Qe7 31. g3 Nf6 32. Ne5 Nd7 33. Nxd7 Qxd7 34. Qe2
Qe7 35. Qf3 Qa3 36. Bc2 Qb4 37. Qf6 Qe1+ 38. Kg2 Qe2 39. Qe7 Qh5 40. Rxc7 Rf8
41. Qf6 Qh6 42. Qe5 Rd8 43. Rc6 Rb8 44. Qxb8+ Kg7 45. Qe5+ Kf8 46. Rc7 Ke8 47.
Qh8+ Qf8 48. Qxf8+ Kxf8 49. Rc6 f5 50. Rxb6 Kf7 51. Rc6 Kf6 52. b6 1-0

[Event "Int. Stuttgarter Stadtmeisterschaft C"]
[Site "Ditzingen"]
[Date "2014.05.29"]
[Round "1.4"]
[White "Ustaosman, Hasan"]
[Black "Yi, Danny"]
[Result "0-1"]
[WhiteElo "1007"]
[BlackElo "1405"]
[PlyCount "124"]
[EventDate "2014.??.??"]
[WhiteTeam "TSG Steinheim"]
[BlackTeam "SF 59 Kornwestheim"]

1. e4 e5 2. Nc3 Nf6 3. f4 exf4 4. e5 Ng8 5. Nf3 d6 6. d4 dxe5 7. dxe5 Qxd1+ 8.
Nxd1 Bf5 9. Bd3 Bxd3 10. cxd3 Bb4+ 11. Nd2 Nc6 12. O-O Bc5+ 13. Kh1 Nge7 14.
Ne4 Bd4 15. Bxf4 Nxe5 16. Bxe5 Bxe5 17. Ndc3 O-O 18. Rad1 Rad8 19. Rfe1 Nd5 20.
g3 Rfe8 21. d4 Nxc3 22. bxc3 Bd6 23. Nxd6 cxd6 24. Rxe8+ Rxe8 25. a4 Re3 26.
Rb1 Re7 27. a5 f6 28. Rb2 Rc7 29. Rb3 Kf7 30. Kg2 Ke6 31. Kf3 Kd5 32. Ke3 Kc4
33. Ra3 Re7+ 34. Kd2 d5 35. Ra4+ Kb5 36. Ra1 h5 37. Kd3 f5 38. Rf1 g6 39. h3
Kxa5 40. c4 dxc4+ 41. Kxc4 b5+ 42. Kc5 Rc7+ 43. Kd6 Kb6 44. d5 a5 45. Ke6 Rc4
46. Re1 Rd4 47. Kd6 Re4 48. Rc1 Rc4 49. Rd1 a4 50. Kd7 Rc7+ 51. Kd8 Ra7 52. d6
Kc6 53. d7 a3 54. Ke8 Rxd7 55. Rxd7 b4 56. Ke7 a2 57. Rd6+ Kc5 58. Rxg6 a1=Q
59. Rg5 Qe5+ 60. Kf7 b3 61. Kg6 b2 62. Rxf5 b1=Q 0-1

[Event "Int. Stuttgarter Stadtmeisterschaft C"]
[Site "Ditzingen"]
[Date "2014.05.29"]
[Round "1.5"]
[White "Jelisavac, Nenad"]
[Black "Kobald, Pierre"]
[Result "1-0"]
[WhiteElo "1344"]
[BlackElo "999"]
[PlyCount "37"]
[EventDate "2014.??.??"]
[WhiteTeam "SV Reutlingen"]
[BlackTeam "SV Stuttgart-Wolfbusch 1956 e.V."]

1. c4 Nf6 2. Nc3 e6 3. e4 Bb4 4. Nge2 O-O 5. a3 Bxc3 6. Nxc3 d5 7. e5 Nfd7 8.
d4 b6 9. cxd5 exd5 10. Nxd5 Bb7 11. Ne3 c5 12. Nc4 cxd4 13. Qxd4 Re8 14. Be3 b5
15. Nd6 Nc6 16. Qf4 Qa5+ 17. b4 Qa6 18. Qxf7+ Kh8 19. Nxe8 1-0

[Event "Int. Stuttgarter Stadtmeisterschaft C"]
[Site "Ditzingen"]
[Date "2014.05.29"]
[Round "1.6"]
[White "Hoffmann, Julian"]
[Black "Malheur, Lothar"]
[Result "0-1"]
[WhiteElo "998"]
[BlackElo "1341"]
[PlyCount "24"]
[EventDate "2014.??.??"]
[WhiteTeam "Schach-Kids Bernhausen e.V."]
[BlackTeam "SF Birkenfeld"]

1. e4 c6 2. Nc3 d5 3. Nf3 d4 4. Ne2 c5 5. c3 dxc3 6. bxc3 Nc6 7. d4 cxd4 8.
cxd4 Bg4 9. d5 Bxf3 10. gxf3 Ne5 11. f4 Qa5+ 12. Bd2 Nf3# 0-1

[Event "Int. Stuttgarter Stadtmeisterschaft C"]
[Site "Ditzingen"]
[Date "2014.05.29"]
[Round "1.7"]
[White "Milarch, Harald"]
[Black "Friedl, Bastian"]
[Result "1/2-1/2"]
[WhiteElo "1341"]
[BlackElo "994"]
[PlyCount "58"]
[EventDate "2014.??.??"]
[WhiteTeam "SC Schachmatt Botnang"]
[BlackTeam "SF Freiberg"]

1. e4 e5 2. f4 Nc6 3. Nf3 f6 4. Nc3 Bc5 5. Bc4 Nge7 6. a3 d6 7. b4 Bd4 8. Nxd4
Nxd4 9. Nd5 Nxd5 10. Bxd5 c6 11. Ba2 Bg4 12. Qxg4 Nxc2+ 13. Kd1 Nxa1 14. Bb2
Qe7 15. Bxa1 b5 16. f5 a5 17. Be6 axb4 18. Ke2 bxa3 19. Bc3 c5 20. d3 b4 21.
Bd2 Ra5 22. Ke3 Qa7 23. Bc4 Qb7 24. Bd5 Qe7 25. Qd1 g6 26. Qb3 Qa7 27. Ra1 Qb6
28. Bf7+ Kd8 29. Kf3 Qb5 1/2-1/2

[Event "Int. Stuttgarter Stadtmeisterschaft C"]
[Site "Ditzingen"]
[Date "2014.05.29"]
[Round "1.8"]
[White "Bouhadjer, Youcef"]
[Black "Thomas, Leonhard"]
[Result "1/2-1/2"]
[WhiteElo "970"]
[BlackElo "1340"]
[PlyCount "74"]
[EventDate "2014.??.??"]
[WhiteTeam "SC Neckarsulm e.V."]
[BlackTeam "SV Fellbach"]

1. e4 e5 2. Nf3 Nc6 3. d4 exd4 4. Nxd4 Nxd4 5. Qxd4 Qf6 6. Qxf6 Nxf6 7. Bd3 Bc5
8. Nc3 d6 9. O-O O-O 10. h3 h6 11. Bf4 Re8 12. Rae1 Bb4 13. Bd2 Be6 14. a3 Bxc3
15. Bxc3 Nd7 16. f4 Nc5 17. Rf3 d5 18. f5 dxe4 19. Bxe4 Bd7 20. Bd3 Rxe1+ 21.
Bxe1 Nxd3 22. cxd3 Re8 23. Bc3 f6 24. Kf2 Kf7 25. g4 Bc6 26. Rf4 Rd8 27. d4 Re8
28. Bb4 b6 29. Bc3 Bd5 30. b4 b5 31. Bb2 c6 32. Bc3 a6 33. Bd2 Re4 34. Kf1
Rxf4+ 35. Bxf4 Ke7 36. Kf2 Kf7 37. Kg3 Be4 1/2-1/2

[Event "Int. Stuttgarter Stadtmeisterschaft C"]
[Site "Ditzingen"]
[Date "2014.05.29"]
[Round "1.9"]
[White "Dendic, Amar"]
[Black "Leutschaft, Jonathan"]
[Result "1/2-1/2"]
[WhiteElo "1281"]
[BlackElo "962"]
[PlyCount "125"]
[EventDate "2014.??.??"]
[WhiteTeam "Stuttgarter SF 1879"]
[BlackTeam "SF 59 Kornwestheim"]

1. e4 e5 2. Nf3 Nc6 3. Bc4 Nf6 4. d3 h6 5. c3 Bc5 6. Nbd2 d6 7. O-O O-O 8. Re1
Ng4 9. Re2 a6 10. Bb3 Re8 11. h3 Nf6 12. Nf1 d5 13. Ng3 dxe4 14. Nxe4 Nxe4 15.
dxe4 Qxd1+ 16. Bxd1 Be6 17. Be3 Bxe3 18. Rxe3 Rad8 19. Be2 Rd6 20. b4 b5 21. a4
Rb8 22. Ne1 Bb3 23. axb5 axb5 24. Ra3 Be6 25. Nd3 f6 26. Nc5 Bf7 27. Bd3 Nd8
28. Ra7 c6 29. Rg3 Ne6 30. Nxe6 Rxe6 31. c4 Ree8 32. cxb5 cxb5 33. Rc7 g5 34.
Rc5 Rec8 35. Be2 Rxc5 36. bxc5 b4 37. Rd3 Bc4 38. Rd2 Bxe2 39. Rxe2 b3 40. Rb2
Kf7 41. c6 Ke7 42. c7 Rc8 43. Rxb3 Rxc7 44. Rb6 Rc1+ 45. Kh2 Rc2 46. Rb7+ Kd6
47. Kg3 h5 48. f3 h4+ 49. Kh2 Ke6 50. Rb1 Rd2 51. Rg1 Rc2 52. Kh1 Rc8 53. g3
Rc3 54. gxh4 gxh4 55. Rf1 f5 56. Kg2 fxe4 57. fxe4 Re3 58. Rf8 Rxe4 59. Kf3 Rd4
60. Re8+ Kf6 61. Rf8+ Ke7 62. Rf5 Ke6 63. Rf8 1/2-1/2

[Event "Int. Stuttgarter Stadtmeisterschaft C"]
[Site "Ditzingen"]
[Date "2014.05.29"]
[Round "1.10"]
[White "Aydin, Sami"]
[Black "Jüttner, Mark"]
[Result "1-0"]
[WhiteElo "932"]
[BlackElo "1267"]
[PlyCount "129"]
[EventDate "2014.??.??"]
[WhiteTeam "SF Freiberg"]
[BlackTeam "SpVgg Rommelshausen"]

1. d4 d5 2. c4 e6 3. Nc3 Nf6 4. Bg5 Bb4 5. e3 Bxc3+ 6. bxc3 c6 7. Nf3 Qa5 8.
Qb3 Na6 9. c5 Ne4 10. Rc1 Rb8 11. Bf4 Nc7 12. a4 O-O 13. Qb4 b6 14. Bxc7 Rb7
15. Qxa5 bxa5 16. Bxa5 Rb2 17. Be2 g5 18. Ne5 Nd2 19. Bd1 f6 20. Nxc6 Nc4 21.
Ne7+ Kf7 22. Nxc8 Rxc8 23. Bb4 a5 24. Bxa5 Nxa5 25. Bh5+ Kf8 26. O-O f5 27. Rb1
Rxb1 28. Rxb1 g4 29. h3 Kg7 30. hxg4 fxg4 31. Bxg4 Kf6 32. Be2 Nc6 33. Ra1 e5
34. a5 exd4 35. cxd4 Rb8 36. a6 Rb2 37. Kf1 Kf5 38. f4 Na7 39. g4+ Kf6 40. Kf2
h6 41. f5 Kg5 42. Kf3 Rb8 43. Bd3 Rb3 44. Bc2 Rb2 45. Ba4 Rh2 46. c6 Rh3+ 47.
Ke2 Rh2+ 48. Kd3 Kxg4 49. f6 Rf2 50. c7 Rxf6 51. Bd7+ Kg5 52. c8=Q Nxc8 53.
Bxc8 Rc6 54. Bb7 Rb6 55. a7 Rb3+ 56. Kc2 h5 57. Kxb3 h4 58. a8=Q h3 59. Qf8 h2
60. Rh1 Kg4 61. Rxh2 Kg3 62. Rf2 Kg4 63. Qg8+ Kh3 64. Rg2 Kh4 65. Qh8# 1-0

[Event "Int. Stuttgarter Stadtmeisterschaft C"]
[Site "Ditzingen"]
[Date "2014.05.29"]
[Round "1.12"]
[White "Perez Berroth, Pablo"]
[Black "Barna, Janos"]
[Result "0-1"]
[WhiteElo "867"]
[BlackElo "1252"]
[PlyCount "80"]
[EventDate "2014.??.??"]
[WhiteTeam "SSV Zuffenhausen"]
[BlackTeam "SC Leinfelden"]

1. e4 e5 2. d4 exd4 3. Qxd4 Nc6 4. Qa4 Bd6 5. c3 h6 6. Bb5 Ne5 7. Ne2 c6 8. Bf4
cxb5 9. Qd4 Qe7 10. Ng3 g6 11. Nd2 f6 12. Ne2 b6 13. Qd5 Rb8 14. Qxb5 a6 15.
Qd5 Bb7 16. Qd4 Bc5 17. Qa4 Nd3+ 18. Kf1 Nxf4 19. Nxf4 Qf7 20. Qd1 Ne7 21. Qg4
Bd6 22. Nc4 Bc7 23. Rd1 f5 24. Qf3 Bxe4 25. Qe3 Qxc4+ 26. Ke1 Qf7 27. Qd4 O-O
28. Qxd7 Bxf4 29. f3 Bc6 30. Qd4 Qe6+ 31. Kf2 Nd5 32. Qc4 Qe3+ 33. Kf1 Bb5 34.
Qxb5 axb5 35. Re1 Qd3+ 36. Kf2 Rbe8 37. g3 Bd6 38. Rd1 Qe2+ 39. Kg1 Ne3 40.
Rxd6 Qg2# 0-1

[Event "Int. Stuttgarter Stadtmeisterschaft C"]
[Site "Ditzingen"]
[Date "2014.05.29"]
[Round "1.13"]
[White "Paulsen, Jonathan"]
[Black "Eid, Sami"]
[Result "1-0"]
[WhiteElo "1250"]
[BlackElo "800"]
[PlyCount "23"]
[EventDate "2014.??.??"]
[WhiteTeam "SC Stetten a.d.F."]
[BlackTeam "SF Freiberg"]

1. e4 e5 2. Nf3 Nc6 3. Bc4 Bc5 4. O-O Nf6 5. d4 Nxd4 6. Nxe5 Qe7 7. Nxf7 Rf8 8.
Be3 Qxe4 9. Bxd4 Be7 10. Re1 Qc6 11. Qe2 Qd6 12. Nxd6+ 1-0

[Event "Int. Stuttgarter Stadtmeisterschaft C"]
[Site "Ditzingen"]
[Date "2014.05.29"]
[Round "1.14"]
[White "Pillin, Josef"]
[Black "Kobald, Jacqueline"]
[Result "0-1"]
[WhiteElo "786"]
[BlackElo "1244"]
[PlyCount "82"]
[EventDate "2014.??.??"]
[WhiteTeam "SSV Zuffenhausen"]
[BlackTeam "SV Stuttgart-Wolfbusch 1956 e.V."]

1. e4 e5 2. Nf3 Nc6 3. Bb5 a6 4. Bc4 Nf6 5. d3 Bc5 6. O-O O-O 7. Bg5 d6 8. Nc3
Be6 9. Bxe6 fxe6 10. Rb1 Qe8 11. Bxf6 Rxf6 12. a3 Qg6 13. Ne2 Rxf3 14. Ng3 Rf7
15. b4 Bb6 16. c3 Raf8 17. Rb2 d5 18. exd5 exd5 19. Re2 d4 20. c4 Re8 21. c5
Ba7 22. h3 b6 23. cxb6 Bxb6 24. Qa4 Ra8 25. Qc2 Qd6 26. Rfe1 Re8 27. Qc1 a5 28.
b5 Na7 29. a4 c6 30. bxc6 Nxc6 31. Kf1 Nb4 32. Qc4 Qc5 33. Qxc5 Bxc5 34. Rxe5
Rxe5 35. Rxe5 Nxd3 36. Re8+ Rf8 37. Rxf8+ Kxf8 38. Nf5 Nb2 39. g4 d3 40. f4 d2
41. Ke2 d1=Q# 0-1

[Event "Int. Stuttgarter Stadtmeisterschaft C"]
[Site "Ditzingen"]
[Date "2014.05.29"]
[Round "1.15"]
[White "Froehlich, Franziska"]
[Black "Hoffmann, Simon"]
[Result "1-0"]
[WhiteElo "1237"]
[BlackElo "785"]
[PlyCount "21"]
[EventDate "2014.??.??"]
[WhiteTeam "SK e4 Gerlingen"]
[BlackTeam "Schach-Kids Bernhausen e.V."]

1. e4 c5 2. Nf3 d6 3. d4 Bd7 4. Nc3 e6 5. Bf4 e5 6. dxe5 dxe5 7. Nxe5 Qe7 8.
Nd5 Qd8 9. Nxd7 Nxd7 10. Nc7+ Ke7 11. Qd6# 1-0

[Event "Int. Stuttgarter Stadtmeisterschaft C"]
[Site "Ditzingen"]
[Date "2014.05.29"]
[Round "1.16"]
[White "Reichardt, Felix  Alexander"]
[Black "Mijic, Marcel"]
[Result "0-1"]
[WhiteElo "768"]
[BlackElo "1198"]
[PlyCount "74"]
[EventDate "2014.??.??"]
[WhiteTeam "Schachfreunde Markgräflerland e."]
[BlackTeam "SF Birkenfeld"]

1. Nf3 d5 2. c4 Nf6 3. e3 c5 4. d4 e6 5. Nc3 dxc4 6. Bxc4 cxd4 7. Qxd4 Qxd4 8.
exd4 Be7 9. Bg5 O-O 10. Bxf6 Bxf6 11. Ne5 Nd7 12. Nxd7 Bxd7 13. Rd1 Rac8 14.
Bb5 Rfd8 15. Bxd7 Rxd7 16. Ke2 Rxd4 17. Rd3 Rxd3 18. Kxd3 Bxc3 19. bxc3 Kf8 20.
Rb1 b6 21. Rb5 Ke7 22. Kd4 f5 23. f4 Kf6 24. c4 Rd8+ 25. Ke3 h6 26. c5 Rd5 27.
a4 Rxc5 28. Rxc5 bxc5 29. Kd3 g5 30. fxg5+ hxg5 31. Kc4 e5 32. Kxc5 e4 33. Kc6
e3 34. a5 e2 35. a6 e1=Q 36. Kb7 Qf2 37. g3 Qb6+ 0-1

[Event "Int. Stuttgarter Stadtmeisterschaft C"]
[Site "Ditzingen"]
[Date "2014.05.29"]
[Round "1.17"]
[White "Stecher, Oliver"]
[Black "Kappler, Roswitha"]
[Result "1-0"]
[WhiteElo "1155"]
[BlackElo "764"]
[PlyCount "27"]
[EventDate "2014.??.??"]
[WhiteTeam "SSV Zuffenhausen"]
[BlackTeam "SG Fasanenhof"]

1. e4 e5 2. Bc4 Nf6 3. d3 Bc5 4. Nf3 O-O 5. Nxe5 d6 6. Nf3 Re8 7. Nc3 Ng4 8.
O-O Qf6 9. Nd5 Qd8 10. Ng5 Nxf2 11. Rxf2 Bxf2+ 12. Kxf2 Re5 13. Qh5 Be6 14.
Qxh7+ 1-0

[Event "Int. Stuttgarter Stadtmeisterschaft C"]
[Site "Ditzingen"]
[Date "2014.05.29"]
[Round "1.18"]
[White "Aksit, Ali Tayyib"]
[Black "Zacke, Tamara"]
[Result "0-1"]
[WhiteElo "725"]
[BlackElo "1143"]
[PlyCount "40"]
[EventDate "2014.??.??"]
[WhiteTeam "SF Freiberg"]
[BlackTeam "SV Stuttgart-Wolfbusch 1956 e.V."]

1. e4 e5 2. Nf3 Nc6 3. Nc3 Nf6 4. g3 Bc5 5. Bh3 h6 6. a3 a5 7. d3 d6 8. Bxc8
Qxc8 9. O-O Ne7 10. Be3 Ba7 11. Bxa7 Rxa7 12. Nb5 Qh3 13. Nxa7 Ng4 14. Qd2 f5
15. Nb5 O-O 16. Nxc7 fxe4 17. dxe4 Rxf3 18. Rfe1 Qxh2+ 19. Kf1 Rxf2+ 20. Qxf2
Qxf2# 0-1

[Event "Int. Stuttgarter Stadtmeisterschaft C"]
[Site "Ditzingen"]
[Date "2014.05.29"]
[Round "2.1"]
[White "Kobald, Jacqueline"]
[Black "Giebler, Kai"]
[Result "1/2-1/2"]
[WhiteElo "1244"]
[BlackElo "1454"]
[PlyCount "80"]
[EventDate "2014.??.??"]
[WhiteTeam "SV Stuttgart-Wolfbusch 1956 e.V."]
[BlackTeam "TSF Ditzingen"]

1. e4 e5 2. Nf3 Nc6 3. Bc4 Bc5 4. Nc3 Nf6 5. d3 d6 6. Bg5 Bg4 7. h3 Be6 8. Bb3
h6 9. Bh4 g5 10. Bg3 Qe7 11. Qe2 O-O-O 12. O-O-O Nh5 13. Nd2 Nxg3 14. fxg3 Nd4
15. Qf1 Rhf8 16. Ne2 Kb8 17. Nxd4 Bxd4 18. Qe1 f6 19. Nc4 d5 20. exd5 Bxd5 21.
Qe2 Qe6 22. Nd2 Qc6 23. Nf3 Rfe8 24. Bxd5 Rxd5 25. Nxd4 exd4 26. Qf2 Qe6 27.
Rhe1 Re5 28. Rxe5 Qxe5 29. Rf1 b6 30. b3 Qe3+ 31. Kb2 Re6 32. Qf3 Qe2 33. Qf2
Re3 34. Qxf6 Rxg3 35. Qd8+ Kb7 36. Qd5+ Ka6 37. Qc4+ Kb7 38. Qd5+ Ka6 39. Qc4+
Kb7 40. Qd5+ Ka6 1/2-1/2

[Event "Int. Stuttgarter Stadtmeisterschaft C"]
[Site "Ditzingen"]
[Date "2014.05.29"]
[Round "2.2"]
[White "Bender, Jonas"]
[Black "Froehlich, Franziska"]
[Result "1-0"]
[WhiteElo "1448"]
[BlackElo "1237"]
[PlyCount "65"]
[EventDate "2014.??.??"]
[WhiteTeam "SV Calw"]
[BlackTeam "SK e4 Gerlingen"]

1. f4 d5 2. Nf3 Nc6 3. e3 e6 4. b3 Nf6 5. Bb5 Bd7 6. Bb2 a6 7. Bxc6 Bxc6 8. O-O
Be7 9. d3 O-O 10. Nbd2 Bd7 11. Ne5 c5 12. Qe1 Rc8 13. Qg3 d4 14. e4 b5 15. a4
Qa5 16. Nxd7 Nxd7 17. Nf3 Rfd8 18. axb5 Qxb5 19. Ne5 Nb6 20. Rfb1 Bd6 21. Bc1
Ra8 22. Bd2 a5 23. Qe1 f6 24. Nc4 Nxc4 25. bxc4 Qc6 26. Bxa5 Rd7 27. Bd2 Raa7
28. Qf2 Rdb7 29. f5 exf5 30. Qxf5 Rxa1 31. Rxa1 Rb2 32. Rc1 Qa4 33. Qe6+ 1-0

[Event "Int. Stuttgarter Stadtmeisterschaft C"]
[Site "Ditzingen"]
[Date "2014.05.29"]
[Round "2.3"]
[White "Mijic, Marcel"]
[Black "Winterkorn, Nikolaus"]
[Result "1-0"]
[WhiteElo "1198"]
[BlackElo "1438"]
[PlyCount "67"]
[EventDate "2014.??.??"]
[WhiteTeam "SF Birkenfeld"]
[BlackTeam "DJK Sportbund Stuttgart e.V."]

1. e4 d6 2. d4 Nf6 3. Nc3 Nc6 4. f4 e5 5. dxe5 dxe5 6. Qxd8+ Kxd8 7. Nf3 Bd6 8.
Bc4 Bg4 9. Ng5 Ke7 10. Nxf7 Rhf8 11. Nxd6 cxd6 12. O-O a6 13. fxe5 dxe5 14. Bg5
h6 15. Nd5+ Kd6 16. Nxf6 hxg5 17. Nxg4 Rf4 18. Nf2 b5 19. Bd5 Rc8 20. Nd3 Rf6
21. Bxc6 Rxc6 22. c3 a5 23. Rf2 Rc4 24. Rd1 Ke6 25. Kf1 Rc6 26. Ke2 Rc4 27. Kd2
Rc6 28. Kc2 Rc4 29. Rf3 Rc7 30. b4 a4 31. Nc5+ Ke7 32. Rd5 Rxf3 33. gxf3 Kf8
34. Ne6+ 1-0

[Event "Int. Stuttgarter Stadtmeisterschaft C"]
[Site "Ditzingen"]
[Date "2014.05.29"]
[Round "2.4"]
[White "Yi, Danny"]
[Black "Stecher, Oliver"]
[Result "1-0"]
[WhiteElo "1405"]
[BlackElo "1155"]
[PlyCount "53"]
[EventDate "2014.??.??"]
[WhiteTeam "SF 59 Kornwestheim"]
[BlackTeam "SSV Zuffenhausen"]

1. e4 e5 2. Nf3 Nc6 3. Bc4 Nf6 4. Ng5 d5 5. exd5 Nxd5 6. d4 Be7 7. dxe5 Bxg5 8.
Bxg5 Qxg5 9. Bxd5 Nxe5 10. O-O Bh3 11. Qe2 O-O 12. f4 Bg4 13. Qxe5 Qxe5 14.
fxe5 Rad8 15. Nc3 c6 16. Bb3 Bh5 17. e6 Rde8 18. exf7+ Bxf7 19. Rxf7 Rxf7 20.
Rf1 Ree7 21. Rxf7 Rxf7 22. Bxf7+ Kxf7 23. Kf2 Ke6 24. Ke3 Ke5 25. Ne4 h6 26. g4
g5 27. Ng3 1-0

[Event "Int. Stuttgarter Stadtmeisterschaft C"]
[Site "Ditzingen"]
[Date "2014.05.29"]
[Round "2.5"]
[White "Zacke, Tamara"]
[Black "Jelisavac, Nenad"]
[Result "0-1"]
[WhiteElo "1143"]
[BlackElo "1344"]
[PlyCount "52"]
[EventDate "2014.??.??"]
[WhiteTeam "SV Stuttgart-Wolfbusch 1956 e.V."]
[BlackTeam "SV Reutlingen"]

1. e4 c5 2. Bc4 e6 3. Nc3 a6 4. a4 Nc6 5. d3 Nf6 6. f4 d5 7. exd5 exd5 8. Ba2
Be7 9. Nf3 Bg4 10. O-O O-O 11. h3 Bxf3 12. Qxf3 Nb4 13. Bb3 c4 14. dxc4 dxc4
15. Bxc4 Qd4+ 16. Be3 Qxc4 17. Rac1 Bc5 18. Bxc5 Qxc5+ 19. Kh1 Qc6 20. Qxc6
Nxc6 21. Rcd1 Rad8 22. Rf3 Rxd1+ 23. Nxd1 Rd8 24. Ne3 Rd7 25. Rg3 Ne4 26. Rf3
Nd4 0-1

[Event "Int. Stuttgarter Stadtmeisterschaft C"]
[Site "Ditzingen"]
[Date "2014.05.29"]
[Round "2.6"]
[White "Malheur, Lothar"]
[Black "Eulering, Mira"]
[Result "1-0"]
[WhiteElo "1341"]
[BlackElo "1137"]
[PlyCount "43"]
[EventDate "2014.??.??"]
[WhiteTeam "SF Birkenfeld"]
[BlackTeam "Schachverein Fideler Bauer Lever"]

1. d4 e6 2. e4 d5 3. e5 c5 4. Nf3 Nc6 5. c3 Nh6 6. Bg5 f6 7. Bxh6 gxh6 8. Be2
Bg7 9. exf6 Qxf6 10. O-O cxd4 11. Nxd4 Nxd4 12. Bg4 Kf8 13. cxd4 Qxd4 14. Qf3+
Qf6 15. Qa3+ Kg8 16. Qd3 Qf8 17. Qg3 b6 18. Rc1 Ba6 19. Nc3 Qe7 20. Re1 Kf8 21.
Nxd5 Qc5 22. Qf4+ 1-0

[Event "Int. Stuttgarter Stadtmeisterschaft C"]
[Site "Ditzingen"]
[Date "2014.05.29"]
[Round "2.7"]
[White "Reichmann, Bernd"]
[Black "Sandmeyer, Alexander"]
[Result "1/2-1/2"]
[WhiteElo "1128"]
[BlackElo "1257"]
[PlyCount "50"]
[EventDate "2014.??.??"]
[WhiteTeam "SV Fellbach"]
[BlackTeam "Stuttgarter SF 1879"]

1. e4 c5 2. Nf3 Nc6 3. d4 cxd4 4. Nxd4 g6 5. Nxc6 bxc6 6. Bc4 Bg7 7. O-O d6 8.
c3 Nf6 9. f3 O-O 10. Bb3 Qb6+ 11. Kh1 Nd7 12. Re1 Ne5 13. Be3 c5 14. Qc2 Bd7
15. Nd2 a5 16. a4 Rab8 17. Reb1 Qc7 18. Bc4 Nxc4 19. Nxc4 Qa7 20. b3 Qa6 21.
Rd1 Rb7 22. Rab1 Rfb8 23. Nd2 Be6 24. c4 Qb6 25. h3 Qb4 1/2-1/2

[Event "Int. Stuttgarter Stadtmeisterschaft C"]
[Site "Ditzingen"]
[Date "2014.05.29"]
[Round "2.8"]
[White "Barna, Janos"]
[Black "Aydin, Sami"]
[Result "1-0"]
[WhiteElo "1252"]
[BlackElo "932"]
[PlyCount "49"]
[EventDate "2014.??.??"]
[WhiteTeam "SC Leinfelden"]
[BlackTeam "SF Freiberg"]

1. e4 e5 2. Nf3 Nc6 3. d4 f6 4. d5 Nce7 5. c4 d6 6. Nc3 Bg4 7. h3 Bh5 8. Be2
Ng6 9. g4 Bxg4 10. hxg4 Nf4 11. Nh4 g5 12. Nf5 Ne7 13. Bxf4 gxf4 14. Qd3 Nxf5
15. gxf5 Qd7 16. Bh5+ Ke7 17. Bg6 h6 18. O-O-O c5 19. dxc6 bxc6 20. Rd2 Rb8 21.
b3 Qc7 22. Bh5 Rg8 23. Bg6 Rh8 24. f3 Qa5 25. Qxd6# 1-0

[Event "Int. Stuttgarter Stadtmeisterschaft C"]
[Site "Ditzingen"]
[Date "2014.05.29"]
[Round "2.9"]
[White "Hilger, Herbert"]
[Black "Paulsen, Jonathan"]
[Result "1-0"]
[WhiteElo "1080"]
[BlackElo "1250"]
[PlyCount "61"]
[EventDate "2014.??.??"]
[WhiteTeam "SV Stuttgart-Wolfbusch 1956 e.V."]
[BlackTeam "SC Stetten a.d.F."]

1. e4 e5 2. Nf3 Nc6 3. Bb5 f5 4. d3 fxe4 5. dxe4 Nf6 6. Bg5 h6 7. Bxf6 Qxf6 8.
O-O d6 9. Nc3 Be6 10. Nd5 Qf7 11. Ba4 O-O-O 12. c3 Ne7 13. Bb3 Ng6 14. g3 h5
15. Ng5 Qe8 16. Nxe6 c6 17. Ne3 Rd7 18. Nxf8 Rxf8 19. Nf5 Kb8 20. Qxh5 Rh8 21.
Qe2 d5 22. exd5 cxd5 23. Ba4 Qg8 24. Bxd7 Qh7 25. h4 Nxh4 26. Nxh4 g5 27. Qxe5+
Ka8 28. Qxg5 Qxd7 29. Qf5 Rxh4 30. Qxd7 Rh1+ 31. Kxh1 1-0

[Event "Int. Stuttgarter Stadtmeisterschaft C"]
[Site "Ditzingen"]
[Date "2014.05.29"]
[Round "2.11"]
[White "Thomas, Leonhard"]
[Black "Dendic, Amar"]
[Result "1/2-1/2"]
[WhiteElo "1340"]
[BlackElo "1281"]
[PlyCount "75"]
[EventDate "2014.??.??"]
[WhiteTeam "SV Fellbach"]
[BlackTeam "Stuttgarter SF 1879"]

1. e4 e5 2. Nf3 Nc6 3. Bb5 a6 4. Bxc6 dxc6 5. d3 Bd6 6. h3 Nf6 7. Nbd2 O-O 8.
Nf1 Re8 9. Ng3 Bd7 10. O-O c5 11. Qe2 h6 12. Nh4 Bf8 13. Nhf5 Bxf5 14. Nxf5 Kh7
15. f4 exf4 16. Rxf4 g6 17. Ng3 Bd6 18. Rf3 Be5 19. Rb1 Qd6 20. Nf1 Kg7 21. Kh1
b6 22. Qe3 Ng8 23. Qf2 Re7 24. Bf4 Bxf4 25. Rxf4 Qe6 26. Ne3 Qxa2 27. Rf1 Rf8
28. h4 h5 29. Qg3 Kh7 30. Nd5 Rd7 31. Qh3 Qa4 32. g4 hxg4 33. Qxg4 Qc6 34. Nf6+
Nxf6 35. Rxf6 Rd6 36. Rxf7+ Kg8 37. Qf4 Qe8 38. Rf6 1/2-1/2

[Event "Int. Stuttgarter Stadtmeisterschaft C"]
[Site "Ditzingen"]
[Date "2014.05.29"]
[Round "2.12"]
[White "Friedl, Bastian"]
[Black "Bouhadjer, Youcef"]
[Result "1/2-1/2"]
[WhiteElo "994"]
[BlackElo "970"]
[PlyCount "35"]
[EventDate "2014.??.??"]
[WhiteTeam "SF Freiberg"]
[BlackTeam "SC Neckarsulm e.V."]

1. e4 e6 2. d4 d5 3. e5 c5 4. c3 Nc6 5. Nf3 a6 6. Be3 Qb6 7. b3 cxd4 8. cxd4
Nge7 9. Nbd2 Nf5 10. Nb1 Bb4+ 11. Ke2 O-O 12. a3 Be7 13. b4 Bd7 14. Nc3 -- 15.
Na4 Qb5+ 16. Ke1 Bxb4+ 17. axb4 Qxb4+ 18. Bd2 1/2-1/2